[Event "DSM WK M 2010"]
[Site "Karlsruhe GER"]
[Date "2010.05.07"]
[Round "3"]
[White "Bohrmann, Sandra"]
[Black "Stitterich, Nadine"]
[Result "0-1"]
[Termination "normal"]
[Board "1.1"]
[WhiteElo "1563"]
[BlackElo "1974"]
[WhiteTeam "Max-Planck-Gymnasium Ludwigshafen"]
[BlackTeam "Solitude-Gymnasium Stuttgart"]
[PlyCount "68"]
[WhiteFideId "12905437"]
[BlackFideId "24676527"]
[EventCountry "GER"]
[EventRounds "7"]
[EventType "team-swiss"]
[EventDate "2010.05.06"]

1. e4 e5 2. Nf3 Nc6 3. d4 exd4 4. Nxd4 Qf6 5. Be3 Bc5 6. c3 Nge7 7. Be2 O-O 8.
O-O a6 9. Bf3 Ne5 10. Re1 N7g6 11. Nd2 d6 12. b4 Bb6 13. N4b3 Nd3 14. Re2 Ngf4
15. Bxf4 Nxf4 16. Re1 Qxc3 17. a3 Be6 18. Rc1 Qf6 19. Rf1 Qg6 20. Kh1 Nd3 21.
Bh5 Qh6 22. Qe2 Nxc1 23. Rxc1 Rae8 24. Re1 Bxb3 25. Nxb3 d5 26. e5 Re7 27. Qf3
c6 28. Re2 g6 29. Bg4 Bc7 30. Qf6 Rfe8 31. f4 Bd8 32. Qd6 Qxf4 33. Bf3 Bc7 34.
Qc5 Rxe5 0-1

[Event "DSM WK M 2010"]
[Site "Karlsruhe GER"]
[Date "2010.05.07"]
[Round "3"]
[White "Mijatovic, Andrea"]
[Black "Serif, Amelie"]
[Result "1-0"]
[Termination "normal"]
[Board "1.2"]
[WhiteElo "1864"]
[BlackElo "1371"]
[WhiteTeam "Solitude-Gymnasium Stuttgart"]
[BlackTeam "Max-Planck-Gymnasium Ludwigshafen"]
[PlyCount "45"]
[WhiteFideId "14514524"]
[EventCountry "GER"]
[EventRounds "7"]
[EventType "team-swiss"]
[EventDate "2010.05.06"]

1. e4 c5 2. Nf3 g6 3. d4 Bg7 4. Nc3 cxd4 5. Nxd4 Nc6 6. Be3 d6 7. Qd2 Nf6 8. f3
Bd7 9. O-O-O Nxd4 10. Bxd4 a6 11. g4 e5 12. Be3 h5 13. g5 Nh7 14. h4 O-O 15.
Qxd6 Be6 16. Qb4 Qc7 17. Bb6 Qc6 18. Nd5 Bxd5 19. exd5 Qd7 20. a4 f6 21. gxf6
Nxf6 22. Bh3 Qf7 23. Be6 1-0

[Event "DSM WK M 2010"]
[Site "Karlsruhe GER"]
[Date "2010.05.07"]
[Round "3"]
[White "Serebrianski, Anita"]
[Black "Häcker, Katrin"]
[Result "0-1"]
[Termination "normal"]
[Board "1.3"]
[WhiteElo "1147"]
[BlackElo "1615"]
[WhiteTeam "Max-Planck-Gymnasium Ludwigshafen"]
[BlackTeam "Solitude-Gymnasium Stuttgart"]
[PlyCount "48"]
[BlackFideId "24667986"]
[EventCountry "GER"]
[EventRounds "7"]
[EventType "team-swiss"]
[EventDate "2010.05.06"]

1. e4 e5 2. Nf3 Nc6 3. Bc4 Bc5 4. O-O d6 5. Nc3 Bg4 6. Nd5 Nd4 7. Be2 Nxe2+ 8.
Qxe2 Ne7 9. Ne3 Qd7 10. b3 Bh5 11. Bb2 O-O-O 12. c3 f5 13. Nc4 fxe4 14. Qxe4 d5
15. Qxe5 Bxf3 16. gxf3 Ng6 17. Qg5 Be7 18. Qe3 Kb8 19. Ne5 Qh3 20. Kh1 Nxe5 21.
Qxe5 Bd6 22. c4 Bxe5 23. Bxe5 dxc4 24. Bxg7 Rhg8 0-1

[Event "DSM WK M 2010"]
[Site "Karlsruhe GER"]
[Date "2010.05.07"]
[Round "3"]
[White "Klinger, Jacquelin"]
[Black "Bajorski, Maria Sophie"]
[Result "1-0"]
[Termination "normal"]
[Board "2.1"]
[WhiteElo "1544"]
[BlackElo "1347"]
[WhiteTeam "Märkische Schule Wattenscheid"]
[BlackTeam "Marienschule Limburg"]
[PlyCount "87"]
[BlackFideId "24654531"]
[EventCountry "GER"]
[EventRounds "7"]
[EventType "team-swiss"]
[EventDate "2010.05.06"]

1. e4 e5 2. Nf3 Nc6 3. g3 Nf6 4. d3 d5 5. exd5 Nxd5 6. Bg2 Bc5 7. O-O O-O 8.
Nbd2 Bg4 9. Qe1 Re8 10. Ne4 Bb6 11. a3 Bxf3 12. Bxf3 Nd4 13. Bd1 Qd7 14. c3 Nc6
15. Bg5 f5 16. Nd2 f4 17. Ne4 h6 18. Bxh6 gxh6 19. c4 Nde7 20. Nf6+ Kh8 21.
Nxd7 fxg3 22. hxg3 Bd4 23. Rb1 Rg8 24. Qe4 Rxg3+ 25. Kh2 Rg5 26. Nf6 Ng6 27.
Rg1 Rxg1 28. Kxg1 Kg7 29. Nh5+ Kh7 30. Qg4 Rg8 31. Nf6+ Kh8 32. Nxg8 Nf4 33.
Nf6 Ne7 34. Nh5 Neg6 35. Nxf4 Nxf4 36. Qc8+ Kg7 37. Qxc7+ Kf6 38. Bg4 Kg5 39.
Qg7+ Ng6 40. Kh2 Bxf2 41. Rf1 Be3 42. Qf6+ Kxg4 43. Qxg6+ Bg5 44. Qf5+ 1-0

[Event "DSM WK M 2010"]
[Site "Karlsruhe GER"]
[Date "2010.05.07"]
[Round "3"]
[White "Liez, Franziska"]
[Black "Rohm, Marlena"]
[Result "1/2-1/2"]
[Termination "normal"]
[Board "2.2"]
[WhiteElo "1440"]
[BlackElo "1506"]
[WhiteTeam "Marienschule Limburg"]
[BlackTeam "Märkische Schule Wattenscheid"]
[PlyCount "93"]
[WhiteFideId "1271766"]
[BlackFideId "12931632"]
[EventCountry "GER"]
[EventRounds "7"]
[EventType "team-swiss"]
[EventDate "2010.05.06"]

1. e4 c5 2. Nf3 Nc6 3. d4 cxd4 4. Nxd4 Nf6 5. Nc3 e5 6. Nxc6 bxc6 7. Bc4 Bb4 8.
Bg5 O-O 9. O-O Bxc3 10. bxc3 Bb7 11. Qf3 d5 12. exd5 cxd5 13. Bb3 Rc8 14. Rad1
e4 15. Qe3 Ng4 16. Qxa7 Qxg5 17. Qxb7 Qe5 18. g3 Qh5 19. h4 Rxc3 20. Qxd5 Qg6
21. Rfe1 Nxf2 22. Qxf7+ Qxf7 23. Bxf7+ Kxf7 24. Kxf2 Ke6+ 25. Kg1 Rxg3+ 26. Kh2
Rg4 27. h5 g5 28. hxg6 hxg6 29. Kh3 Rff4 30. c4 Rh4+ 31. Kg3 g5 32. Rd5 Rf3+
33. Kg2 Rg4+ 34. Kh2 e3 35. Rd3 Rgg3 36. c5 Rh3+ 37. Kg2 g4 38. Kg1 Rfg3+ 39.
Kf1 Rh1+ 40. Ke2 Rg2+ 41. Kd1 e2+ 42. Kd2 Rhh2 43. c6 Rh3 44. c7 Rxd3+ 45. Kxd3
Kd7 46. Rc1 Kc8 47. Re1 1/2-1/2

[Event "DSM WK M 2010"]
[Site "Karlsruhe GER"]
[Date "2010.05.07"]
[Round "3"]
[White "Müller, Laura Margarita"]
[Black "Liez, Tatjana"]
[Result "0-1"]
[Termination "normal"]
[Board "2.3"]
[WhiteElo "1544"]
[BlackElo "1190"]
[WhiteTeam "Märkische Schule Wattenscheid"]
[BlackTeam "Marienschule Limburg"]
[PlyCount "81"]
[WhiteFideId "12917923"]
[BlackFideId "1271769"]
[EventCountry "GER"]
[EventRounds "7"]
[EventType "team-swiss"]
[EventDate "2010.05.06"]

1. d4 d5 2. c4 c6 3. e3 Bf5 4. Nc3 e6 5. Nf3 Nf6 6. Bd3 Bxd3 7. Qxd3 Bb4 8. O-O
Nbd7 9. a3 Ba5 10. cxd5 cxd5 11. Bd2 a6 12. Rac1 O-O 13. Ne2 Bxd2 14. Nxd2 Qb6
15. h3 h6 16. f3 e5 17. Qb3 Qxb3 18. Nxb3 Rac8 19. Rxc8 Rxc8 20. Nc3 b6 21. Rd1
a5 22. a4 e4 23. Rd2 g5 24. fxe4 Nxe4 25. Nxe4 dxe4 26. g4 Rc4 27. Nc1 Rxc1+
28. Kg2 f6 29. Kf2 Kf7 30. Kg3 Nf8 31. Re2 Ke7 32. Kg2 Rc4 33. b3 Rc3 34. Kf2
Rxb3 35. Rc2 Kd7 36. Ke2 Rb4 37. Ra2 Rc4 38. Kd2 Ne6 39. Ke2 Nc7 40. Kd2 Nd5
41. Ke2 0-1

[Event "DSM WK M 2010"]
[Site "Karlsruhe GER"]
[Date "2010.05.07"]
[Round "3"]
[White "Heinz, Michelle"]
[Black "Berger, Melanie"]
[Result "0-1"]
[Termination "normal"]
[Board "2.4"]
[WhiteElo "1006"]
[BlackElo "1425"]
[WhiteTeam "Marienschule Limburg"]
[BlackTeam "Märkische Schule Wattenscheid"]
[PlyCount "106"]
[WhiteFideId "1271782"]
[EventCountry "GER"]
[EventRounds "7"]
[EventType "team-swiss"]
[EventDate "2010.05.06"]

1. e4 e5 2. Nf3 Nc6 3. Nc3 Bc5 4. Bb5 a6 5. Ba4 b5 6. Bb3 Nf6 7. d3 O-O 8. Bg5
Be7 9. Bxf6 Bxf6 10. Qd2 Bb7 11. Bd5 Rb8 12. O-O d6 13. Ne2 Qe8 14. Ng3 Bc8 15.
Nh5 Ne7 16. Nxf6+ gxf6 17. Bb3 Kh8 18. Qh6 Ng6 19. d4 Rg8 20. Rfe1 Be6 21. d5
Bd7 22. c3 Qe7 23. g3 Rbf8 24. c4 Nf4 25. Kh1 Rg6 26. Qh4 Nd3 27. Re2 Bg4 28.
Rd2 Bxf3+ 29. Kg1 Nc5 30. Re1 Nxb3 31. axb3 Rg4 32. Qh3 Rfg8 33. Re3 Bxe4 34.
f3 Bxf3 35. Rxf3 bxc4 36. bxc4 Rxc4 37. Rf5 Rd4 38. Rh5 Rg7 39. Qg2 Rxd2 40.
Qxd2 Rg6 41. Qa5 Qd7 42. Qxa6 f5 43. Qd3 f4 44. Kf2 fxg3+ 45. hxg3 Qg4 46. Rh2
e4 47. Qd4+ Kg8 48. Qe3 Rf6+ 49. Kg2 Rf3 50. Qe1 e3 51. Rh4 Rf2+ 52. Kh1 Qf3+
53. Kg1 Qg2# 0-1

[Event "DSM WK M 2010"]
[Site "Karlsruhe GER"]
[Date "2010.05.07"]
[Round "3"]
[White "Kühnel, Lena"]
[Black "Wisheckel, Lena"]
[Result "1-0"]
[Termination "normal"]
[Board "3.1"]
[WhiteElo "1858"]
[BlackElo "1775"]
[WhiteTeam "Lise-Meitner-Gymnasium Königsbach-Stein"]
[BlackTeam "Johann-Schöner-Gymnasium Karlstadt"]
[PlyCount "61"]
[WhiteFideId "24640956"]
[BlackFideId "24691992"]
[EventCountry "GER"]
[EventRounds "7"]
[EventType "team-swiss"]
[EventDate "2010.05.06"]

1. e4 c5 2. Nf3 d6 3. d4 cxd4 4. Nxd4 Nf6 5. Nc3 a6 6. f3 b5 7. Be3 Bb7 8. Qd2
Nbd7 9. g4 Ne5 10. g5 Nfd7 11. O-O-O Rc8 12. h4 Nc5 13. h5 Qa5 14. Kb1 b4 15.
Nd5 Bxd5 16. exd5 Qb6 17. f4 Ned7 18. Qg2 Qc7 19. g6 hxg6 20. hxg6 Rxh1 21.
gxf7+ Kxf7 22. Qxh1 Nf6 23. Bh3 Rb8 24. Qg2 a5 25. Rg1 Rc8 26. Qg6+ Kg8 27. Ne6
Nce4 28. Nxc7 Rxc7 29. Be6+ Kh8 30. Rh1+ Nh7 31. Rxh7# 1-0

[Event "DSM WK M 2010"]
[Site "Karlsruhe GER"]
[Date "2010.05.07"]
[Round "3"]
[White "Mehling, Franziska"]
[Black "Schmitz, Susanne"]
[Result "1-0"]
[Termination "normal"]
[Board "3.2"]
[WhiteElo "1477"]
[BlackElo "800"]
[WhiteTeam "Johann-Schöner-Gymnasium Karlstadt"]
[BlackTeam "Lise-Meitner-Gymnasium Königsbach-Stein"]
[PlyCount "101"]
[WhiteFideId "12900133"]
[EventCountry "GER"]
[EventRounds "7"]
[EventType "team-swiss"]
[EventDate "2010.05.06"]

1. e4 e5 2. Bc4 Nf6 3. Nc3 Nc6 4. d3 d6 5. f4 Bg4 6. Nf3 Be7 7. O-O O-O 8. Be3
Nh5 9. h3 Qd7 10. hxg4 Qxg4 11. Nh2 Qh4 12. Qg4 Qxg4 13. Nxg4 exf4 14. Bxf4 Nd4
15. Nd5 Bh4 16. Bd2 Ng3 17. Rfd1 h5 18. Nge3 Nde2+ 19. Kh2 Rae8 20. Nf1 Re6 21.
Nf4 Nxf1+ 22. Rxf1 Bg3+ 23. Kh1 Rf6 24. Nxe2 Be5 25. d4 Re8 26. dxe5 dxe5 27.
Rxf6 gxf6 28. Rf1 Kg7 29. Nc3 c6 30. Be3 b5 31. Be2 b4 32. Na4 Rh8 33. Nc5 Kg6
34. Nd7 f5 35. Rxf5 Kg7 36. Rxh5 Rxh5+ 37. Bxh5 Kg8 38. Nxe5 Kf8 39. Nxf7 Kg8
40. g4 Kh7 41. g5 Kg7 42. g6 Kg8 43. e5 Kf8 44. e6 Ke7 45. g7 Kxe6 46. g8=Q Ke7
47. Qd8+ Ke6 48. Qd6+ Kf5 49. Bg6+ Kg4 50. Qf4+ Kh3 51. Bf5# 1-0

[Event "DSM WK M 2010"]
[Site "Karlsruhe GER"]
[Date "2010.05.07"]
[Round "3"]
[White "Kauselmann, Laura"]
[Black "Mehling, Katharina"]
[Result "0-1"]
[Termination "normal"]
[Board "3.3"]
[WhiteElo "899"]
[BlackElo "1524"]
[WhiteTeam "Lise-Meitner-Gymnasium Königsbach-Stein"]
[BlackTeam "Johann-Schöner-Gymnasium Karlstadt"]
[PlyCount "130"]
[BlackFideId "12900362"]
[EventCountry "GER"]
[EventRounds "7"]
[EventType "team-swiss"]
[EventDate "2010.05.06"]

1. e4 d6 2. Nf3 Nf6 3. Nc3 g6 4. Bc4 Bg7 5. O-O O-O 6. d4 Nbd7 7. Bg5 h6 8. Bh4
e5 9. Bg3 Nh5 10. d5 Nxg3 11. fxg3 a5 12. a3 Nc5 13. b4 axb4 14. axb4 Rxa1 15.
Qxa1 Nd7 16. Qc1 Nb6 17. Bb5 f5 18. Nd2 Qg5 19. Bd3 f4 20. Nf3 Qh5 21. Be2 Bg4
22. Nd1 fxg3 23. hxg3 Nd7 24. Ne3 Nf6 25. Qd1 g5 26. Nf5 Nxe4 27. Ne7+ Kh8 28.
Qd3 Bf6 29. Qxe4 Bxe7 30. Bd3 Bf5 31. Qe3 Qg6 32. g4 Bxd3 33. cxd3 Rf4 34. Nh2
Rxf1+ 35. Nxf1 Qf6 36. Ng3 Qf4 37. Qe1 Qxg4 38. Kh1 Qh4+ 39. Kg1 Qd4+ 40. Kf1
Qxd3+ 41. Kg1 Qxd5 42. Nf5 Qe6 43. Nd4 Qg4 44. Nf3 e4 45. Nh2 Qf4 46. Nf1 d5
47. g3 Qf3 48. Nd2 Qd3 49. g4 Bxb4 50. Kf2 Qxd2+ 51. Qe2 Qxe2+ 52. Kxe2 d4 53.
Kf2 d3 54. Ke3 d2 55. Ke2 e3 56. Kd1 c5 57. Ke2 c4 58. Kd1 c3 59. Kc2 e2 60.
Kd3 d1=Q+ 61. Kc4 e1=R 62. Kxb4 Re4+ 63. Kxc3 Qf3+ 64. Kd2 Re2+ 65. Kc1 Qf1#
0-1

[Event "DSM WK M 2010"]
[Site "Karlsruhe GER"]
[Date "2010.05.07"]
[Round "3"]
[White "Mehling, Theresa"]
[Black "Roether, Barbara"]
[Result "1-0"]
[Termination "normal"]
[Board "3.4"]
[WhiteElo "728"]
[BlackElo "800"]
[WhiteTeam "Johann-Schöner-Gymnasium Karlstadt"]
[BlackTeam "Lise-Meitner-Gymnasium Königsbach-Stein"]
[PlyCount "49"]
[EventCountry "GER"]
[EventRounds "7"]
[EventType "team-swiss"]
[EventDate "2010.05.06"]

1. e4 e5 2. Nf3 Bc5 3. Nc3 Ne7 4. Bc4 Nec6 5. d3 O-O 6. Bg5 Qe8 7. O-O d6 8. h3
Na6 9. Qd2 Nab4 10. a3 Na6 11. Na4 Bb6 12. Nxb6 axb6 13. Rfe1 Nd4 14. Nxd4 exd4
15. Bh4 Qe5 16. Bg3 Qh5 17. Kh2 c5 18. c3 g6 19. Bxd6 Rd8 20. Qf4 Bd7 21. Qxf7+
Kh8 22. Be5+ Qxe5+ 23. g3 Be8 24. Qf3 Nb8 25. Qf8# 1-0

[Event "DSM WK M 2010"]
[Site "Karlsruhe GER"]
[Date "2010.05.07"]
[Round "3"]
[White "Evers, Annika"]
[Black "Reyher, Susan"]
[Result "1-0"]
[Termination "normal"]
[Board "4.1"]
[WhiteElo "1695"]
[BlackElo "1246"]
[WhiteTeam "Athenaeum Stade"]
[BlackTeam "J.H. Pestalozzi GS Leegebruch"]
[PlyCount "73"]
[WhiteFideId "24691933"]
[BlackFideId "24686107"]
[EventCountry "GER"]
[EventRounds "7"]
[EventType "team-swiss"]
[EventDate "2010.05.06"]

1. e4 e5 2. Nf3 Nc6 3. Bc4 Bc5 4. c3 d6 5. d4 exd4 6. cxd4 Bb4+ 7. Nc3 Nf6 8.
O-O O-O 9. Re1 Bg4 10. Bg5 h6 11. Bh4 Re8 12. Re3 Bxc3 13. bxc3 Na5 14. Bb5 c6
15. Bd3 Re6 16. Qd2 Qe8 17. c4 Nxe4 18. Qxa5 Bxf3 19. Rxf3 c5 20. Qc7 Nd2 21.
h3 Nxf3+ 22. gxf3 b6 23. Bg3 Rf6 24. Be4 Rb8 25. dxc5 bxc5 26. Qxa7 Rb4 27. Re1
Re6 28. Bxd6 Rxc4 29. Bxc5 Ra4 30. Qb7 Rxa2 31. Be3 g6 32. Bd5 Rea6 33. Bxa2
Rxa2 34. Qe4 Qf8 35. Bd4 Ra4 36. Qe5 Ra8 37. Qh8# 1-0

[Event "DSM WK M 2010"]
[Site "Karlsruhe GER"]
[Date "2010.05.07"]
[Round "3"]
[White "Wolff, Marie Antoinette"]
[Black "Steffens, Skrolan"]
[Result "0-1"]
[Termination "normal"]
[Board "4.2"]
[WhiteElo "939"]
[BlackElo "1162"]
[WhiteTeam "J.H. Pestalozzi GS Leegebruch"]
[BlackTeam "Athenaeum Stade"]
[PlyCount "86"]
[WhiteFideId "12908258"]
[EventCountry "GER"]
[EventRounds "7"]
[EventType "team-swiss"]
[EventDate "2010.05.06"]

1. e4 g6 2. Nf3 Bg7 3. d4 d6 4. Nc3 a6 5. Bf4 b5 6. g3 Bb7 7. Bg2 Nf6 8. O-O
Nxe4 9. Nxe4 Bxe4 10. Ng5 Bxg2 11. Kxg2 O-O 12. Qg4 h6 13. Nf3 e6 14. Rad1 Qf6
15. Nh4 g5 16. Be5 dxe5 17. dxe5 Qxe5 18. Nf3 Qf6 19. Rfe1 c5 20. Rd6 Rd8 21.
Rxd8+ Qxd8 22. Qh5 Nc6 23. Re3 Nd4 24. Nxd4 Qxd4 25. Rf3 Rf8 26. c3 Qe4 27. h3
f5 28. Kh2 e5 29. Qg6 Qxf3 30. Qe6+ Kh8 31. Kg1 Rd8 32. Qb3 Rd1+ 33. Qxd1 Qxd1+
34. Kg2 f4 35. gxf4 exf4 36. f3 Qe2+ 37. Kh1 b4 38. Kg1 bxc3 39. bxc3 Bxc3 40.
Kh1 Bd4 41. h4 Qf1+ 42. Kh2 Qg1+ 43. Kh3 Qg3# 0-1

[Event "DSM WK M 2010"]
[Site "Karlsruhe GER"]
[Date "2010.05.07"]
[Round "3"]
[White "Lange, Anika"]
[Black "Sauer, Annika"]
[Result "1-0"]
[Termination "normal"]
[Board "4.3"]
[WhiteElo "1215"]
[BlackElo "1033"]
[WhiteTeam "Athenaeum Stade"]
[BlackTeam "J.H. Pestalozzi GS Leegebruch"]
[PlyCount "99"]
[WhiteFideId "24693405"]
[BlackFideId "12952052"]
[EventCountry "GER"]
[EventRounds "7"]
[EventType "team-swiss"]
[EventDate "2010.05.06"]

1. d4 d5 2. Nf3 Nc6 3. e3 Bf5 4. Be2 e6 5. O-O Bd6 6. b3 Nf6 7. Bb2 O-O 8. Nbd2
Nh5 9. Ne5 Qg5 10. Bxh5 Bh3 11. Qf3 Bf5 12. Qd1 Nxe5 13. dxe5 Bc5 14. Re1 Bb4
15. Bf3 h6 16. a3 Be7 17. e4 dxe4 18. Nxe4 Qh4 19. g3 Qh3 20. Bg2 Qg4 21. Qxg4
Bxg4 22. h3 Bf5 23. Rad1 c5 24. Rd7 Bd8 25. Rxb7 Bb6 26. g4 Bh7 27. Rd1 Rfe8
28. Rdd7 Bg6 29. h4 h5 30. gxh5 Bxh5 31. Ng5 Rf8 32. Kh2 Rfd8 33. Kg3 Rxd7 34.
Rxd7 a5 35. Bxa8 Kf8 36. Rb7 Bd8 37. b4 axb4 38. axb4 cxb4 39. Rxb4 Ba5 40. Rb5
Bd2 41. c4 Ke7 42. c5 Kd7 43. c6+ Kc7 44. Bd4 Bc1 45. Bb6+ Kb8 46. c7+ Kc8 47.
Ba5 Kd7 48. Bb7 Ke7 49. c8=Q f6 50. Qd8# 1-0

[Event "DSM WK M 2010"]
[Site "Karlsruhe GER"]
[Date "2010.05.07"]
[Round "3"]
[White "Allonge, Mandy"]
[Black "Nesterkin, Maria"]
[Result "1/2-1/2"]
[Termination "normal"]
[Board "4.4"]
[WhiteElo "866"]
[BlackElo "860"]
[WhiteTeam "J.H. Pestalozzi GS Leegebruch"]
[BlackTeam "Athenaeum Stade"]
[PlyCount "116"]
[EventCountry "GER"]
[EventRounds "7"]
[EventType "team-swiss"]
[EventDate "2010.05.06"]

1. e4 c5 2. Nc3 d6 3. Bb5+ Bd7 4. Nf3 Nc6 5. d3 Nf6 6. Nd5 e6 7. Nxf6+ Qxf6 8.
Bg5 Qxb2 9. Bc4 Qb6 10. O-O h6 11. Rb1 Qc7 12. Bf4 g6 13. d4 cxd4 14. Nxd4 e5
15. Nxc6 Qxc6 16. Qd5 Qxd5 17. Bxd5 exf4 18. Bxb7 Rb8 19. Bd5 Rb5 20. c4 Ra5
21. Rb8+ Ke7 22. Re1 Kf6 23. f3 Rxa2 24. g3 fxg3 25. hxg3 Bh3 26. f4 Rg2+ 27.
Kh1 Rxg3 28. Re8 Kg7 29. e5 dxe5 30. R8xe5 Bd6 31. R5e3 Bxf4 32. Re7 Rf8 33.
Rxf7+ Rxf7 34. Bxf7 Kxf7 35. c5 Bg2+ 36. Kg1 Bc6+ 37. Kf2 Rg2+ 38. Kf1 Bb5+ 39.
Kxg2 Bc6+ 40. Kf2 h5 41. Rg1 Kf6 42. Ra1 Be5 43. Rxa7 h4 44. Ra6 Bd4+ 45. Ke1
Kf5 46. Rxc6 h3 47. Rc7 h2 48. Rh7 Bxc5 49. Rxh2 g5 50. Rf2+ Bxf2+ 51. Kxf2 Kf4
52. Kg2 Kg4 53. Kh2 Kh4 54. Kg2 g4 55. Kf2 Kh3 56. Kg1 g3 57. Kh1 g2+ 58. Kg1
Kg3 1/2-1/2

[Event "DSM WK M 2010"]
[Site "Karlsruhe GER"]
[Date "2010.05.07"]
[Round "3"]
[White "Brüser, Antonia"]
[Black "Krtschil, Anna"]
[Result "0-1"]
[Termination "normal"]
[Board "5.1"]
[WhiteElo "768"]
[BlackElo "1313"]
[WhiteTeam "KGS Stella Neubrandenburg"]
[BlackTeam "Salza Gymnasium Bad Langensalza"]
[PlyCount "76"]
[BlackFideId "4611144"]
[EventCountry "GER"]
[EventRounds "7"]
[EventType "team-swiss"]
[EventDate "2010.05.06"]

1. e4 c5 2. Nc3 Nc6 3. Bc4 e6 4. Nf3 Nf6 5. e5 Ng8 6. d3 d6 7. Bg5 f6 8. exf6
Nxf6 9. Qd2 Be7 10. O-O-O a6 11. Rhe1 d5 12. Bb3 b5 13. Ne5 Nxe5 14. Rxe5 c4
15. dxc4 dxc4 16. Bxc4 bxc4 17. Qe3 Qc7 18. Bf4 Qb7 19. Ne4 Nxe4 20. Rxe4 Qb5
21. g3 Qc5 22. Qf3 Bb7 23. Qe2 Bxe4 24. Qxe4 Qc8 25. Qe2 O-O 26. Qg4 e5 27. Bh6
Qxg4 28. Be3 Bg5 29. f4 exf4 30. gxf4 Bxf4 31. Bxf4 Qxf4+ 32. Kb1 Qd2 33. b3
Qxd1+ 34. Kb2 cxb3 35. cxb3 Rf2+ 36. Ka3 Qc1+ 37. Ka4 Rxa2+ 38. Kb4 Rb8# 0-1

[Event "DSM WK M 2010"]
[Site "Karlsruhe GER"]
[Date "2010.05.07"]
[Round "3"]
[White "Schirrmeister, Laura"]
[Black "Pfahl, Danielle"]
[Result "1-0"]
[Termination "normal"]
[Board "5.2"]
[WhiteElo "1120"]
[BlackElo "800"]
[WhiteTeam "Salza Gymnasium Bad Langensalza"]
[BlackTeam "KGS Stella Neubrandenburg"]
[PlyCount "47"]
[WhiteFideId "24694967"]
[EventCountry "GER"]
[EventRounds "7"]
[EventType "team-swiss"]
[EventDate "2010.05.06"]

1. e4 e5 2. Nf3 Nc6 3. Bc4 Nf6 4. Ng5 Bc5 5. Nxf7 Qe7 6. Nxh8 d6 7. O-O Ng4 8.
d4 exd4 9. Nf7 Be6 10. Bxe6 Qxe6 11. Ng5 Qd7 12. h3 Nge5 13. c3 dxc3 14. Nxc3
O-O-O 15. Qa4 h6 16. a3 hxg5 17. Bxg5 Re8 18. b4 Bd4 19. Be3 Bxc3 20. Rab1 Ne7
21. Qxa7 c6 22. Bb6 Qe6 23. Qa8+ Kd7 24. Qxb7# 1-0

[Event "DSM WK M 2010"]
[Site "Karlsruhe GER"]
[Date "2010.05.07"]
[Round "3"]
[White "Schumann, Anja"]
[Black "Halle, Julia"]
[Result "0-1"]
[Termination "normal"]
[Board "5.3"]
[WhiteElo "800"]
[BlackElo "1018"]
[WhiteTeam "KGS Stella Neubrandenburg"]
[BlackTeam "Salza Gymnasium Bad Langensalza"]
[PlyCount "76"]
[BlackFideId "24694940"]
[EventCountry "GER"]
[EventRounds "7"]
[EventType "team-swiss"]
[EventDate "2010.05.06"]

1. d4 d6 2. e4 g6 3. Bb5+ Nd7 4. Nf3 Bg7 5. Bf4 Ngf6 6. Nc3 O-O 7. h3 c5 8.
dxc5 Nxc5 9. Nd5 Nxd5 10. exd5 Ne4 11. Qe2 Qa5+ 12. c3 Bxc3+ 13. bxc3 Qxc3+ 14.
Nd2 Qxa1+ 15. Qd1 Qc3 16. O-O Nf6 17. Bh6 Rd8 18. Qc1 Qxc1 19. Rxc1 Bf5 20. Bg5
Be4 21. Nxe4 Nxe4 22. Bxe7 Rdc8 23. Re1 Rc2 24. f3 Ng3 25. Kh2 Nh5 26. Bxd6
Rac8 27. Bd3 Rd2 28. Be5 Rxd3 29. d6 Rc2 30. Kg1 Rdd2 31. d7 Rxd7 32. g4 f6 33.
gxh5 fxe5 34. hxg6 hxg6 35. Rf1 Rdd2 36. Rb1 Kf7 37. Rxb7+ Kf6 38. Kf1 Rc1# 0-1

[Event "DSM WK M 2010"]
[Site "Karlsruhe GER"]
[Date "2010.05.07"]
[Round "3"]
[White "Winterberg, Johanna"]
[Black "Kieckbusch, Sabrina"]
[Result "1-0"]
[Termination "normal"]
[Board "5.4"]
[WhiteElo "1004"]
[BlackElo "800"]
[WhiteTeam "Salza Gymnasium Bad Langensalza"]
[BlackTeam "KGS Stella Neubrandenburg"]
[PlyCount "59"]
[WhiteFideId "12929344"]
[EventCountry "GER"]
[EventRounds "7"]
[EventType "team-swiss"]
[EventDate "2010.05.06"]

1. e4 e5 2. Nf3 Nf6 3. Nc3 Nc6 4. Bc4 Bc5 5. O-O d6 6. d3 O-O 7. Be3 h6 8. Bxc5
dxc5 9. Nd5 Nxd5 10. exd5 Ne7 11. Nxe5 f6 12. Nf3 Bf5 13. d4 cxd4 14. Nxd4 a5
15. Nxf5 Nxf5 16. Qd3 Qd7 17. g4 Nh4 18. d6+ Kh8 19. dxc7 Rac8 20. Qxd7 Rfd8
21. cxd8=Q+ Rxd8 22. Qxd8+ Kh7 23. Bd3+ Ng6 24. Bxg6+ Kxg6 25. Qe8+ Kh7 26. h4
a4 27. h5 b5 28. Qg6+ Kg8 29. Rfe1 b4 30. Re8# 1-0

[Event "DSM WK M 2010"]
[Site "Karlsruhe GER"]
[Date "2010.05.07"]
[Round "3"]
[White "Hoffmann, Hanna Dorina"]
[Black "Raab, Helen"]
[Result "0-1"]
[Termination "normal"]
[Board "6.1"]
[WhiteElo "1536"]
[BlackElo "1697"]
[WhiteTeam "Mallinckrodt-Gymnasium Dortmund"]
[BlackTeam "Gymnasium Mainz-Gonsenheim"]
[PlyCount "52"]
[WhiteFideId "12909858"]
[BlackFideId "24653608"]
[EventCountry "GER"]
[EventRounds "7"]
[EventType "team-swiss"]
[EventDate "2010.05.06"]

1. e4 e6 2. d4 d5 3. exd5 exd5 4. Bd3 Bd6 5. Nf3 Bg4 6. h3 Bh5 7. Nc3 Ne7 8.
Bd2 Nbc6 9. g4 Bg6 10. Qe2 Bxd3 11. cxd3 Nb4 12. O-O c6 13. a3 Na6 14. Rfe1 Nc7
15. Nh4 O-O 16. Ng2 Ne6 17. Be3 Ng6 18. Qd2 Qf6 19. Ne2 Qf3 20. g5 Qxh3 21.
Nef4 Ngxf4 22. Bxf4 Bxf4 23. Nxf4 Qg4+ 24. Ng2 Nxg5 25. Qe2 Nf3+ 26. Kf1 h5 0-1

[Event "DSM WK M 2010"]
[Site "Karlsruhe GER"]
[Date "2010.05.07"]
[Round "3"]
[White "Efinger, Leila"]
[Black "Demetrescu, Alice"]
[Result "1-0"]
[Termination "normal"]
[Board "6.2"]
[WhiteElo "1113"]
[BlackElo "800"]
[WhiteTeam "Gymnasium Mainz-Gonsenheim"]
[BlackTeam "Mallinckrodt-Gymnasium Dortmund"]
[PlyCount "37"]
[WhiteFideId "12931705"]
[EventCountry "GER"]
[EventRounds "7"]
[EventType "team-swiss"]
[EventDate "2010.05.06"]

1. d4 d5 2. Bf4 e6 3. e3 Nf6 4. Bd3 g6 5. c3 Bg7 6. Nf3 O-O 7. Nbd2 Nc6 8. Qc2
b6 9. O-O-O Na5 10. h4 Nh5 11. g4 e5 12. Bxe5 Bxg4 13. Bxg7 Kxg7 14. Rdg1 f5
15. Ng5 Qf6 16. f3 Bxf3 17. Ngxf3 h6 18. Ne5 Rfe8 19. Bxf5 1-0

[Event "DSM WK M 2010"]
[Site "Karlsruhe GER"]
[Date "2010.05.07"]
[Round "3"]
[White "Reinecke, Lena"]
[Black "Woider, Stella"]
[Result "1-0"]
[Termination "normal"]
[Board "6.3"]
[WhiteElo "800"]
[BlackElo "757"]
[WhiteTeam "Mallinckrodt-Gymnasium Dortmund"]
[BlackTeam "Gymnasium Mainz-Gonsenheim"]
[PlyCount "57"]
[EventCountry "GER"]
[EventRounds "7"]
[EventType "team-swiss"]
[EventDate "2010.05.06"]

1. e4 e5 2. Nf3 Nc6 3. Nc3 Bc5 4. Bc4 d6 5. O-O Nf6 6. d3 O-O 7. Bg5 h6 8. Bxf6
Qxf6 9. Nd5 Qd8 10. Qe2 Nd4 11. Nxd4 Bxd4 12. Rfe1 Bxb2 13. Rad1 c6 14. Ne3 Be6
15. Rb1 Bc3 16. Red1 Rb8 17. Rb3 Bd4 18. Nf1 Qg5 19. g3 Bg4 20. Qe1 Bxd1 21.
Qxd1 Kh8 22. Nd2 f5 23. Nf3 Qg4 24. Be6 g6 25. Kg2 Rf6 26. Bc4 fxe4 27. Qd2
Qxf3+ 28. Kh3 Rf5 29. Qxh6# 1-0